Présidents de la France en une minute - Statistiques

Statistiques générales
  • Ce quiz a été pris 361 fois
  • Le résultat moyen est 13 sur 24
Statistiques - réponses
Ans Président % Correct
2012- François Hollande
95%
1981-1995 François Mitterrand
94%
2007-2012 Nicolas Sarkozy
94%
1995-2007 Jacques Chirac
93%
1959-1969 Charles de Gaulle
92%
1969-1974 Georges Pompidou
88%
1974-1981 Valéry Giscard d'Estaing
78%
1954-1959 René Coty
70%
1871-1873 Adolphe Thiers
56%
1947-1954 Vincent Auriol
54%
1848-1852 Louis-Napoléon Bonaparte
51%
1895-1899 Félix Faure
47%
1931-1932 Paul Doumer
47%
1873-1879 Patrice de Mac-Mahon
44%
1932-1940 Albert Lebrun
42%
1924-1931 Gaston Doumergue
40%
1913-1920 Raymond Poincaré
38%
1920 Paul Deschanel
37%
1887-1894 Marie François Sadi Carnot
36%
1879-1887 Jules Grévy
35%
1920-1924 Alexandre Millerand
34%
1906-1913 Armand Fallières
27%
1899-1906 Émile Loubet
27%
1894-1895 Jean Casimir-Perier
24%
Aucun quiz correspondant
Distribution des résultats
% des personnes avec chaque résultat
Percentile par nombre de réponses
Votre historique - résultats
Vous n’avez pas pris ce quiz